| 000 | 00758nam a2200205 a 4500 | ||
|---|---|---|---|
| 003 | 0 | ||
| 005 | 20250411135000.0 | ||
| 008 | 970101s19uu xx 00 eng d | ||
| 050 |
_aPGS GT 2345 _b.M296 2004 |
||
| 100 | _aManzana, Pamela Mariel C. | ||
| 245 |
_aThe salon practices of female grade six SISC students, SY 2003-2004 / _cPamela Mariel C. Manzana. |
||
| 260 |
_aLas PiƱas City, Philippines : _bSouthville International School and Colleges, _c2004. |
||
| 300 |
_a21 pages : _billustrations ; _c28 cm. |
||
| 504 | _aIncludes bibliographical references. | ||
| 650 |
_aBeauty culture _vSocial aspects. |
||
| 650 | _aGrooming for girls. | ||
| 650 |
_aCosmetic salons _vSocial aspects. |
||
| 650 | _aSelf-perception in children. | ||
| 942 |
_2lcc _cPASS |
||
| 999 |
_c97020 _d97020 |
||